000 00620nam a2200205Ia 4500
003 GCL
008 140319s9999 xx 000 0 ara d
020 _a9015370977
040 _aGCL /
_cGCL
082 0 4 _a813.01
_bا ق
100 1 _aاحمد زكى عبدالحليم
245 1 0 _aقلوب وعشاق /
_cاحمد زكى عبدالحليم
250 _aالاولى
260 _aالقاهرة :
_bمركز القادة للكتاب والنشر ،
_c1992
300 _a202 ص ؛
_c22 سم
490 _a
650 0 4 _aالادب العربى
650 0 4 _aالرسائل العربية
942 _2ddc
_cBK
999 _c56058
_d56058